000
00479nam a2200145Ia 4500
008
100122s9999 xx 000 0 und d
082
_b
61206
_a
824
100
_a
बोराडे रा रं
245
_a
तिळा तिळा डिकी उघड
260
_b
सुरेश एजन्सी
_c
2002
300
_a
128
630
_a
तिळा तिळा डिकी उघड
730
_a
तिळा तिळा डिकी उघड
942
_c
BOOK
999
_c
436080
_d
436077